00688nam a2200169Ia 4500008004100000040003800041041000800079084001100087100003700098245013600135260002900271300002700300336002900327337003300356338002800389502010100417250924t2015||||xx |||||||||||||| ||spa|| agtgcuscobspacgtgcuscodgtgcusco aspa aEPS459 aTurcios Villatoro, Josué Pablo 0aInforme final del Programa Ejercicio Profesional en la Clínica Municipal de San Luis Jilotepeque, Jalapa. Junio 2014 - mayo 2015. aGuatemala :bUSAC,c2015 a58 p. :bil. :c27 cm. atextobtxt2rdacontenido aSin mediaciónbn2rdamedio avolumenbnc2rdasoporte aEPS (Cirujano Dentista) -- Universidad de San Carlos de Guatemala, Facultad de Odontología. --